| 000 | 00613nam a2200205Ii 4500 | ||
|---|---|---|---|
| 001 | 11281 | ||
| 003 | CO-ViMGA | ||
| 008 | 241108s9999||||xx |||||||||||||| ||und|| | ||
| 040 |
_aCO-ViMGA _bspa _erda _cCO-ViMGA |
||
| 041 | 0 | _aspa | |
| 082 | 0 | 4 | _a070.449 S481g |
| 100 | 1 |
_aGloria Serpa de De Francisco _947410 |
|
| 245 | 1 | 0 | _aGran reporte a Eduardo Carranza |
| 264 | 1 | _aBogotá, Colombia : Instituto Caro y Cuervo, 1978 | |
| 300 | _avolumen | ||
| 336 |
_atext _btxt _2rdacontent |
||
| 337 |
_aunmediated _bn _2rdamedia |
||
| 338 |
_avolume _bnc _2rdacarrier |
||
| 940 | _aidficha_siabuc: 11012. -- ficha_no_siabuc:11281 | ||
| 999 |
_c41995 _d41995 |
||